000 00508nam a22001937a 4500
003 CEME
005 20210628205647.0
008 210309b xxu||||| |||| 00| 0 eng d
020 _a0-395-70943-1
040 _c.
082 _a658.4012 HIL
100 _aHill, Charles W. L Jones, Gareth.R
_976496
245 _aStrategic management an integrated approach
250 _a3RD
260 _aBOSTON
_bHOUGHTON MIFFLIN
_c1995
300 _a547P
650 _aMANAGEMENT-STRATEGIC
_976497
942 _cBK
_2ddc
999 _c581886
_d581886